Diskriminácia a šikanovanie na pracovisku
Zákaz diskriminácie a rovnaké zaobchádzanie v oblasti pracovnoprávnych vzťahov. Priama a nepriama diskriminácia. Uplatnenie zásady rovnakého zaobchádzania s osobou so zdravotným postihnutím. Podmienky, keď rozdielne zaobchádzanie neznamená diskrimináciu. Civilný sporový poriadok. Šikanovanie na prac...
Guardado en:
| Autor principal: | |
|---|---|
| Formato: | Capítulo de libro |
| Lenguaje: | eslovaco |
| Materias: | |
| Etiquetas: |
Sin Etiquetas, Sea el primero en etiquetar este registro!
|
MARC
| LEADER | 00000naa a2200000 4500 | ||
|---|---|---|---|
| 001 | 0248084 | ||
| 005 | 20181004145412.2 | ||
| 041 | 0 | |a slo | |
| 044 | |a SK | ||
| 245 | 1 | 0 | |a Diskriminácia a šikanovanie na pracovisku |c Sandra Mrukviová Tomiová |
| 520 | |a Zákaz diskriminácie a rovnaké zaobchádzanie v oblasti pracovnoprávnych vzťahov. Priama a nepriama diskriminácia. Uplatnenie zásady rovnakého zaobchádzania s osobou so zdravotným postihnutím. Podmienky, keď rozdielne zaobchádzanie neznamená diskrimináciu. Civilný sporový poriadok. Šikanovanie na pracovisku. | ||
| 610 | 2 | 0 | |a pracovisko |
| 610 | 2 | 0 | |a vzťahy pracovnoprávne |
| 610 | 2 | 0 | |a diskriminácia |
| 610 | 2 | 0 | |a šikanovanie |
| 610 | 2 | 0 | |a ústava |
| 610 | 2 | 0 | |a zákonník práce |
| 610 | 2 | 0 | |a spory pracovné |
| 610 | 2 | 0 | |a súdy |
| 100 | 1 | |a Mrukviová Tomiová, Sandra | |